LEADER 00948nam a2200241 i 4500 001 000000197674 003 CaOOAMICUS 005 20230911102723.0 008 110218s1971 it u000 u ita u 040 $aSeMil$bita 100 1 $aCoste, René,$d<1922- >.$0(OLS)http://semarc/name/15375 240 10$aQuel système économique?.$0(OLS)http://semarc/title/285465 245 10$aQuale sistema economico? /$cRené Coste. 264 1$aAssisi :$bCittadella,$c1971. 300 $a182 p. ;$c19 cm. 490 1 $aOpinioni e proposte 650 4$aEconomia.$0(OLS)http://semarc/subject/854 830 0$aOpinioni e proposte.$0(OLS)http://semarc/title/6490 850 $aSeMil 852 $aSeMil$W1$xVenegono$y1$m3L I 203$j148230$B148230$CSeMilBibl$Z2$F159652 $81 996 $6245$aQuale sistema economico?$9(OLS)http://semarc/title/285464 996 $6264$aAssisi :$bCittadella$9(OLS)http://semarc/publisher/29661 LEADER 00848nam a2200229 i 4500 001 000000057557 003 CaOOAMICUS 005 19971010000000.0 008 971010n it u000 u ita u 013 $a28729 020 $a8806031015 040 $aSeMil$bita 245 10$aTomo 1. 700 1 $aBertelli, Carlo <1930->.$0(OLS)http://semarc/name/3549 700 1 $aBollati, Giulio.$0(OLS)http://semarc/name/3550 773 0 $tStoria d'Italia. Annali.$dTorino : Einaudi, 1978.$g2$w()1589 773 0 $aBertelli, Carlo <1930->$tImmagine fotografica.$dTorino : Einaudi, 1979.$w()6806 850 $aSeMil 852 $aSeMil$W1$xVenegono$y1$mSL1.H V 8/1$j23711$B23711$CSeMilBibl$Z2$F23713 $8I 961 $aAcquisto: Casa editrice 996 $6020$a8806031015$9(OLS)http://semarc/number/32934 996 $6245$aTomo 1$9(OLS)http://semarc/title/46685